书目信息 |
| 题名: |
集成电路可靠性
|
|
| 作者: | ;上海冶金研究所 编译 | |
| 分册: | ||
| 出版信息: | 上海 上海科学技术情报研究所 |
|
| 页数: | 64页 | |
| 开本: | 26cm | |
| 丛书名: | ||
| 单 册: | ||
| 中图分类: | TN406 | |
| 科图分类: | ||
| 主题词: | 微电子技术 , 集成电路 | |
| 电子资源: | ||
| ISBN: | ||
| 000 | 00556nam0 2200181 450 | |
| 001 | 0639230348 | |
| 005 | 20060912105449.84 | |
| 100 | @a20060912d km y0chiy0120 ea | |
| 101 | 0 | @achi |
| 200 | 1 | @a集成电路可靠性@Aji cheng dian lu ke kao xing@f上海冶金研究所 编译@Fshang hai ye jin yan jiu suo bian yi |
| 210 | @a上海@c上海科学技术情报研究所 | |
| 215 | @a64页@d26cm | |
| 606 | 0 | @a微电子技术 |
| 606 | 0 | @a集成电路 |
| 690 | @aTN406@v3 | |
| 711 | 0 | @a上海冶金研究所@Ashang hai ye jin yan jiu suo@4编译 |
| 801 | 0 | @aCN@bPFT@c20060912 |
| 905 | @a10447@dTN406@e105 | |
| 集成电路可靠性/上海冶金研究所 编译.-上海:上海科学技术情报研究所 |
| 64页;26cm |
| ISBN : |
| ● |
| 相关链接 |
|
|
|
|
正题名:集成电路可靠性
索取号:TN406/105
 
预约/预借
| 序号 | 登录号 | 条形码 | 馆藏地/架位号 | 状态 | 备注 |
| 1 | 0473897 | 204738971 | 密集书库/ [索取号:TN406/105] | 在馆 |